British Literature # 2 - Statistics

General Stats
  • This quiz has been taken 131 times
  • The average score is 9 of 15
Answer Stats
Question Answer % Correct
The Montague and Capulet families feature in which Shakespeare play? Romeo and Juliet
95%
A Picture of Dorian Gray was whose only published novel? Oscar Wilde
90%
The character Willy Wonka first appeared in which 1964 book? Charlie and the Chocolate Factory
84%
Which book starts “It was the best of times, it was the worst of times…”? A Tale of Two Cities
82%
Which American-born poet had the first names Thomas Stearns? T. S. Eliot
77%
Which is the only character to appear in all seven Chronicles of Narnia? Aslan
66%
Who wrote the poems Gunga Din, Mandalay and If? Rudyard Kipling
65%
Big Ears is the best friend of which End Blyton character? Noddy
64%
In which 1953 novel did the character James Bond first appear? Casino Royale
61%
Thomas Hardy set many of his novels in which semi-fictional county? Wessex
43%
What kind of animal was P. G. Wodehouse’s The Empress of Blandings? A pig
42%
What is the heroic alter ego of aristocrat Sir Percy Blakeney? The {Scarlet Pimpernel}
42%
Which author wrote the 1980s novels Money and London Fields? Martin Amis
24%
Whose plays include Entertaining Mr Sloane and What the Butler Saw? Joe Orton
20%
Who, in 2009, became the first woman to be appointed Poet Laureate? Carol Ann Duffy
19%
No matching quizzes found
Score Distribution
Percent of People with Each Score
Percentile by Number Answered
Your Score History
You have not taken this quiz